Представление документа в формате MARC21

Поле Инд. ПП Название Значение
Тип записи a
Библиографический уровень b
001 Контрольный номер RU/IS/BASE/441373255
005 Дата корректировки 20240403144211.9
008 Кодируемые данные 20131226
040 b Код языка каталог. rus
e Правила каталог. PSBO
041 0_ a Код языка текста rus
084 a Индекс другой классификации/Индекс ББК 74.480.0
100 1_ a Автор Мастихин А.
245 10 a Заглавие Роль кураторства в развитии профессиональных компетенций у студентов
504 a Библиография Библиогр.
520 0_ a Аннотация Статья поясняет, что такое кураторство и специфику этого направления в России. Выдвигаются предложения по модернизации повышению качества кураторства.
650 14 a Основная рубрика воспитание
a Основная рубрика высшее образование
a Основная рубрика педагогика
a Основная рубрика профессиональное образование
653 1_ a Ключевые слова воспитание студентов
a Ключевые слова высшие учебные заведения
a Ключевые слова коммуникативная компетентность
a Ключевые слова кураторство
a Ключевые слова мотивация учебной деятельности
a Ключевые слова профессиональные компетенции
a Ключевые слова Россия
a Ключевые слова социализация студентов
a Ключевые слова социальная адаптация
a Ключевые слова студенчество
a Ключевые слова университеты
a Ключевые слова управление обучением
a Ключевые слова учебно-воспитательный процесс
773 08 t Заглавие источника РИСК: ресурсы, информация, снабжение, конкуренция
d Дата издания источника 2012
g Прочая информация № 3. - С. 426 - 427
w Контрольный № источника RU/IS/BASE/407439363
901 t Тип документа b